00676 2200229 4500001002100000005001500021035002000036007000300056008004100059020002200100082001400122084002000136100001900156245012000175250001000295260004100305300002900346650002000375700002700395990001200422990001200434INLIS00000000000198020180522090616 a0010-0518000050ta180522 g 0 ind  a978-602-291-072-5 a899.221 3 a899.221 3 EKA p0 aEKA, Kurniawan1 aPerempuan Patah Hati yang Kembali Menemukan Cinta Melalui Mimpi /cEka Kurniawan; penyunting, Ika Yuliana Kurniasih acet.5 aYogyakarta :bBentang Pustaka,c2016 a167 hlm :bilus ;c21 cm aFIKSI INDONESIA0 aIKA, Yuliana Kurniasih a16734 a a16734 b